01018nam a2200229 a 450000500170000000800410001702000150005804100080007310000270008124501040010825001140021226000540032630000430038050001910042365300210061465300330063565300120066865300390068065300210071970000250074070000230076520240805094506.0100623e2003||||sp a f |||| 001 0 spa d a8479035323 aspa1 aPutz, Reinhard V.eEd. aSobotta. Atlas de Anatomía Humana.bT.2 Tronco, Vísceras y Miembro Inferior /cReinhard V. Putz a21 a ed. 3a reimp. en español bTraducción Alfonso Llamas ; José Luís Velayos e Ignacio Navascués.  aMadrid: bEditorial Médica Panamericana;c2003. a401 p.b755 ilustraciones ; 40 cuadros aPutz, R., Pabst, R. (Eds.) y Putz, R. (Col.). (2003). Sobotta. Atlas de anatomía humana. T.2 Tronco, Vísceras y Miembro Inferior. (21a ed.). Madrid : Editorial Médica Panamericana. aDorso del tronco aPared torácica y abdominal aTórax aVísceras abdominales y pelvianas aMiembro inferior1 aPabst, ReinhardeEd.1 aPutz, RenateeCol.